000
00221nam a2200097Ia 4500
008
240331s9999 xx 000 0 und d
082
_b
MCC
100
_a
Mccall Smith, A
245
0
_a
Morality for Beautiful girls
942
_c
L
999
_c
5702
_d
5702